00509cam a2200193 a 450000100100000000500170001000800410002704000200006804200120008808200190010010000210011924500300014026000460017030000210021649000150023765000220025265000260027483000150030000000960920200929161636.0740502s1968 ve 000 f spa  aDO-SdBNPdBNPHU apremarc aV863.44bT759m1 aTrack, Hernando.10aMis parientes :brelatos. aCaracas :bMonte Ávila Editores,c1968. a102 p. ;c18 cm.1 aContinente 4aNovela venezolana 4aLiteratura venezolana 0aContinente